| Tag |
First Indicator |
Second Indicator |
Subfields |
| LEADER |
00000cam a22000001 4500 |
| 001 |
in00000056125 |
| 005 |
20151008052400.0 |
| 008 |
711020s1966 nyua b 00010 eng |
| 010 |
|
|
|a 66015325
|
| 035 |
|
|
|a (OCoLC)00711921
|
| 035 |
|
|
|9 AAH3078AM
|
| 040 |
|
|
|a DLC
|c DLC
|d TXA
|d UtOrBLW
|
| 049 |
|
|
|a TXAM
|c [456527]
|
| 050 |
0 |
0 |
|a LC5131
|b .L6
|
| 082 |
0 |
|
|a 371.96
|
| 092 |
|
|
|a 371.96
|b L869t, 1966
|
| 100 |
1 |
|
|a Loretan, Joseph O.
|
| 245 |
1 |
0 |
|a Teaching the disadvantaged ;
|b new curriculum approaches /
|c [by] Joseph O. Loretan [and] Shelley Umans.
|
| 264 |
|
1 |
|a [New York] :
|b Teachers College Press, Teachers College, Columbia University,
|c [1966]
|
| 300 |
|
|
|a xii, 242 pages :
|b illustrations ;
|c 24 cm.
|
| 336 |
|
|
|a text
|b txt
|2 rdacontent
|
| 337 |
|
|
|a unmediated
|b n
|2 rdamedia
|
| 338 |
|
|
|a volume
|b nc
|2 rdacarrier
|
| 504 |
|
|
|a Includes bibliographies. Bibliographical footnotes.
|
| 650 |
|
0 |
|a Children with social disabilities
|x Education.
|
| 650 |
|
0 |
|a Education, Urban
|x Curricula.
|
| 700 |
1 |
|
|a Umans, Shelley.
|
| 999 |
|
|
|a MARS
|
| 999 |
f |
f |
|s 95381468-3b2c-35b6-9d91-02a4dff4259f
|i 74ca6b51-cc98-38e0-ad21-9597dd80e8a7
|t 0
|
| 952 |
f |
f |
|p normal
|a Texas A&M University
|b College Station
|c Sterling C. Evans Library
|d Evans: Library Stacks
|t 0
|e LC5131 .L6
|h Library of Congress classification
|i unmediated -- volume
|m A14829468434
|
| 998 |
f |
f |
|a LC5131 .L6
|t 0
|l Evans: Library Stacks
|